| 000 | 01709nam a2200481 4500 | ||
|---|---|---|---|
| 001 | 47953 | ||
| 003 | ES-MaCES | ||
| 005 | 20160713115616.0 | ||
| 008 | 160711s2016 us | 000 | eng d | ||
| 020 | _a9780520283800 (pbk) | ||
| 020 | _a9780520959583 (ebook) | ||
| 040 |
_aES-MaCES _bspa _cES-MaCES |
||
| 041 | 1 |
_aeng _hfre |
|
| 100 | 1 |
_937142 _aMercat-Bruns, Marie |
|
| 245 | 1 | 0 |
_aDiscrimination at work _b: comparing European, French and American Law _cMarie Mercat-Bruns ; translated from the french by Elaine Holt ; with a foreword by Christopher Kutz |
| 260 |
_aOakland (California) _bUniversity of California Press _c[2016] |
||
| 300 |
_aXXI, 362 p. _c23 cm |
||
| 500 | _aPubl. simultáneamente en francés bajo el tít.: Discriminations en droit du travail | ||
| 500 | _aÍndices | ||
| 541 | _cCompra | ||
| 650 | 4 |
_aempleo _928299 |
|
| 650 | 4 |
_adiscriminación _927180 |
|
| 650 | 4 |
_adiscriminación racial _927190 |
|
| 650 | 4 |
_adiscriminación religiosa _929908 |
|
| 650 | 4 |
_adiscriminación por razones de sexo _929521 |
|
| 650 | 4 |
_aorientación sexual _930741 |
|
| 650 | 4 |
_aigualdad de oportunidades en el empleo _930649 |
|
| 650 | 4 |
_alegislación del trabajo _927166 |
|
| 650 | 4 |
_aderecho del trabajo _927165 |
|
| 650 | 4 |
_acomparación _928892 |
|
| 650 | 4 |
_aEstados Unidos _928373 |
|
| 650 | 4 |
_aFrancia _926943 |
|
| 650 | 4 |
_aUE _926752 |
|
| 650 | 4 |
_apaís de la UE _929020 |
|
| 650 | 4 |
_aentrevista _928852 |
|
| 653 | 1 | 0 | _aEmpleo |
| 700 | 1 |
_aHolt, Elaine _937144 _etr. |
|
| 700 | 1 |
_aKutz, Christopher _937145 _epr. |
|
| 710 | 2 |
_aUniversity of California _937143 _eed. |
|
| 740 | 0 | 2 | _aDiscriminations en droit du travail |
| 902 | _aLIB Libro | ||
| 942 |
_2CES _cBK _h2.1. |
||
| 999 |
_c47953 _d47953 |
||